Đấu tranh sinh học và ứng dụng /
Salvato in:
| Autore principale: | |
|---|---|
| Natura: | Sách giấy |
| Lingua: | Vietnamese |
| Pubblicazione: |
Hà Nội :
Khoa học và Kỹ thuật,
1979.
|
| Tags: |
Aggiungi Tag
Nessun Tag, puoi essere il primo ad aggiungerne! !
|
| Thư viện lưu trữ: | Thư viện Trường Đại học Đà Lạt |
|---|
| LEADER | 00618nam a2200253 4500 | ||
|---|---|---|---|
| 001 | DLU140160863 | ||
| 005 | ##20140314 | ||
| 040 | # | # | |a DLU |b vie |
| 041 | # | # | |a vie |
| 044 | # | # | |a vn |
| 082 | # | # | |a 575 |b HO-N |
| 100 | # | # | |a Hoàng Đức Nhuận. |
| 245 | # | # | |a Đấu tranh sinh học và ứng dụng / |c Hoàng Đức Nhuận. |
| 260 | # | # | |a Hà Nội : |b Khoa học và Kỹ thuật, |c 1979. |
| 300 | # | # | |a 147 tr. ; |c 19 cm. |
| 992 | # | # | |a 410 |
| 994 | # | # | |a DLU |
| 900 | # | # | |a True |
| 911 | # | # | |a Nguyễn Thị Tưởng |
| 925 | # | # | |a G |
| 926 | # | # | |a A |
| 927 | # | # | |a SH |
| 980 | # | # | |a Thư viện Trường Đại học Đà Lạt |